000 00842 a2200217 4500
010 _aENG-89896
020 _a8180901560
_c150.00
035 _aEN-73429
037 _bDBAD / PUB
082 1 4 _a230.41
090 _c11947
_d11947
100 1 _aRele, Vasant G.
245 1 _aMysterious kundalini:
_cby Vasant G. Rele
_bthe physical basis of the"kundali (Hatha) yoga" in terms of western anatomy and physiology/
250 _arev. ed
260 _aDelhi
_bBharatiya Kala Prakashan
_c2007
270 _a3421-A, IInd Floor, Narang Colony, Tri Nagar
_bDelhi
_cDelhi
_e110035
_k27393083, 30967505
300 _axii, 85p.:
_c21 cm. (Hb)
_bill.;
500 _aIncludes bibliographical references & index.
942 _adpl
_cEN
_k230.41 / REL
999 _c11593
_d11593